| 000 | 01429nam0a22003011 4500 | ||
|---|---|---|---|
| 001 | rc\3409580 | ||
| 005 | 20130115140303.7 | ||
| 021 |
_aRU _b[74-87471] |
||
| 035 | _a(NLR Aleph) 007577347 | ||
| 090 |
_a5470611 _c5470611 |
||
| 100 | _a20130115d1974 |||y0rusy50 ca | ||
| 101 | 0 | _arus | |
| 102 | _aRU | ||
| 105 | _ay c ||||| | ||
| 200 | 1 |
_aМетодические указания по организации работы санитарных дружин в очагах массового поражения _fИсполком Союза о-в Красного Креста и Красного Полумесяца СССР. М-во здравоохранения СССР |
|
| 210 |
_aМосква _cМедицина _d1974 |
||
| 215 |
_a56 с. _d20 |
||
| 300 | _aПеред загл. авт.: В.А. Рыбасов, Д.С. Сердюк, Н.В. Попов | ||
| 606 |
_aСанитарные дружины _2psbo |
||
| 606 |
_aПервая медицинская помощь при применении средств массового поражения _2psbo |
||
| 700 | 1 |
_aРыбасов _bВ. А. _gВсеволод Александрович |
|
| 701 | 1 |
_aПопов _bН. В. _gНиколай Васильевич |
|
| 701 | 1 |
_aСердюк _bД. С. _gДмитрий Севастьянович |
|
| 801 | 0 |
_aRU _bNLR _gpsbo |
|
| 801 | 1 |
_aRU _bELAR _2rusmarc |
|
| 852 |
_aNLR _j74-4/28604 |
||
| 942 | _cBOOK | ||
| 980 | _aNB | ||